000 00554nam a22001817a 4500
005 20231102073933.0
008 231102b |||||||| |||| 00| 0 eng d
020 _a0406336768 ; 0406336776
041 _aEnglish
082 _a346.6 PEN
100 _aPennington, RR
_lEnglish
245 _aCompany Law /
_cRR Pennington
250 _aThird Edition
260 _aLondon :
_bButterworth and Co. (Publishers) Ltd,
_c1973
300 _bxcix, 868 pages ;
_c26 cm.
650 _aLegal practice
_bLaw
942 _cBK
_6ALISON_BN_VRIES
999 _c243
_d243